000 00287nam a2200121Ia 4500
008 241002s9999 xx 000 0 und d
082 _a808.84 THR
100 _aThruelsen, Richard
245 0 _aAdventures of the Mind
260 _aNew York:
_c1961
600 _aLiterature
942 _cUC
999 _c18789
_d18789